| 000 | 00693nam a2200181Ia 4500 | ||
|---|---|---|---|
| 008 | 100917s9999 xx 000 0 und d | ||
| 082 | _b22345 | ||
| 100 | _aमंगळवेढेकर राजा | ||
| 245 | _aअसा झंुजला माझा भारत (पूर्वार्ध) | ||
| 260 |
_bअनिरूध्द साहित्य _c1972 |
||
| 300 | _a151 | ||
| 365 | _b5 | ||
| 520 | _aइतिहास | ||
| 630 | _aअसा झंुजला माझा भारत (पूर्वार्ध) | ||
| 650 | _aइतिहास | ||
| 730 | _aअसा झंुजला माझा भारत (पूर्वार्ध) | ||
| 942 | _cBOOK | ||
| 999 |
_c627739 _d627736 |
||